000 01654nam a2200325Ia 4500
999 _c53378
_d53378
001 20421
003 GE_BSU
005 20201202225841.0
008 181216s1988||||ge |||||||||||||| ||geo||
040 _cGE_BSU
041 _ageo
080 _a811.353.1-8(075.3) შ-21
100 _aშანიძე, აკაკი
_99818
245 _aქართული ენა (ლექსიკა და ფრაზეოლოგია, მორფოლოგია, ორთოგრაფია, მეტყველების განვითარება) :
_bმე-6 კლასის სახელმძღვ. /
_cაკაკი შანიძე, ი. იმნაიშვილი, ლ. კვაჭაძე ; რედ. ე პოლოლიკაშვილი.
250 _aმე-4 გამოცემა
264 _aთბილისი :
_bგანათლება,
_c1988.
300 _a130 გვ. ;
_c20 სმ.
541 _h30თ.
653 _aმე-6 კლასის სახელმძღვანელო
653 _aქართული ენა
653 _aლექსიკა
653 _a ფრაზეოლოგია
653 _aმორფოლოგია
653 _aორთოგრაფია
653 _aმეტყველების განვითარება
700 _aი. იმნაიშვილი
_eავტორი
_99819
700 _aკვაჭაძე, ლ.
_eავტორი
_99166
700 _aპოლოლიკაშვილი, ე.
_eრედაქტორი
_94959
942 _cBK
_2udc